| 000 | 01281cmm a22003732 b4500 | ||
|---|---|---|---|
| 999 |
_c8087 _d8087 |
||
| 001 | 21587 | ||
| 003 | BD-DhUAP | ||
| 005 | 20220616163014.0 | ||
| 007 | cr cn ---mpcbr | ||
| 008 | 200212s2006 ||||||||o||j||||| || d | ||
| 020 | _a9789382563204 | ||
| 035 | _a(WaSeSS)ssib034354145 | ||
| 040 |
_a BD-DhUAP _d BD-DhUAP _bENG _c BD-DhUAP |
||
| 050 | 0 | _aPR2750 | |
| 082 | 0 | 0 |
_a822.33 SHA _222 |
| 100 | 1 | _aShakespeare, William. | |
| 245 | 1 | 0 |
_aAs you like it _h[electronic resource] / _cShakespeare, William. |
| 250 | _a3rd ed. | ||
| 260 |
_a[S.l.] : _bArden Shakespeare, _c2006. |
||
| 300 | _aelectronic text. | ||
| 490 | 1 | _aThe Arden Shakespeare Third Ser. | |
| 538 |
_aeBook access via Internet. _5ANU/ANV. |
||
| 700 | 1 | _aDusinberre, Juliet. | |
| 700 | 1 | _aKastan, David Scott. | |
| 700 | 1 | _aProudfoot, Richard. | |
| 700 | 1 | _aThompson, Ann. | |
| 700 | 1 | _aWoudhuysen, H. R. | |
| 710 | 2 | _aBloomsbury Academic. | |
| 740 | 0 | _aBloomsbury Drama Online Core Collection (Australia/New Zealand) | |
| 830 | 4 | _aThe Arden Shakespeare Third Ser. | |
| 856 | 4 | 0 |
_zView online via Bloomsbury Drama Online Core Collection (Australia/New Zealand) _uhttps://virtual.anu.edu.au/login/?url=https://dx.doi.org/10.5040/9781408160497.00000005 |
| 907 | _a.b64714986 | ||
| 942 |
_2ddc _cBK |
||